The north-south dialogue : (Record no. 184530)

000 -LEADER
fixed length control field 00850 a2200217 4500
003 - CONTROL NUMBER IDENTIFIER
control field NUST
005 - DATE AND TIME OF LATEST TRANSACTION
control field 20221216174143.0
010 ## - LIBRARY OF CONGRESS CONTROL NUMBER
LC control number 82010410
020 ## - INTERNATIONAL STANDARD BOOK NUMBER
International Standard Book Number 0312578946
040 ## - CATALOGING SOURCE
Transcribing agency Nust
082 00 - DEWEY DECIMAL CLASSIFICATION NUMBER
Classification number 337,JON
100 1# - MAIN ENTRY--PERSONAL NAME
Personal name Jones, Charles A.,
9 (RLIN) 105129
245 14 - TITLE STATEMENT
Title The north-south dialogue :
Remainder of title a brief history /
Statement of responsibility, etc. Charles A. Jones.
260 ## - PUBLICATION, DISTRIBUTION, ETC.
Place of publication, distribution, etc. New York :
Name of publisher, distributor, etc. St. Martin's Press,
Date of publication, distribution, etc. 1983.
300 ## - PHYSICAL DESCRIPTION
Extent xi, 153 p. ;
Dimensions 24 cm.
490 1# - SERIES STATEMENT
Series statement Studies in international political economy
505 ## - FORMATTED CONTENTS NOTE
Formatted contents note The Third World Adopt A Collective Strategy (Page-1), The Institutions (Page-23), The Dialogue Transformed (Page-45), The Dialogue Stalled (Page-81), Into A New Decade (Page-115).
650 #0 - SUBJECT ADDED ENTRY--TOPICAL TERM
Topical term or geographic name entry element International economic relations.
9 (RLIN) 539
830 #0 - SERIES ADDED ENTRY--UNIFORM TITLE
Uniform title Studies in international political economy (St. Martin's Press)
9 (RLIN) 105130
942 ## - ADDED ENTRY ELEMENTS (KOHA)
Source of classification or shelving scheme
Koha item type Book
Call number prefix 337,JON
Holdings
Withdrawn status Lost status Source of classification or shelving scheme Damaged status Not for loan Permanent Location Current Location Shelving location Date acquired Full call number Barcode Date last seen Price effective from Koha item type Public note
          Military College of Signals (MCS) Military College of Signals (MCS) General Stacks 12/12/2016 337,JON MCS3287 12/08/2016 12/12/2016 Book Almirah No.50, Shelf No.3
© 2023 Central Library, National University of Sciences and Technology. All Rights Reserved.